El veleidoso clima
Saved in:
| Hovedforfatter: | |
|---|---|
| Format: | Bog |
| Sprog: | spansk |
| Udgivet: |
Ciudad de México
Fondo de Cultura Económica
1994
|
| Serier: | La ciencia desde México, 127
|
| Fag: | |
| Tags: |
Tilføj Tag
Ingen Tags, Vær først til at tagge denne postø!
|
MARC
| LEADER | 00000nam a2200000 a 4500 | ||
|---|---|---|---|
| 001 | UCY2321 | ||
| 003 | CL-VaPUC | ||
| 008 | 941020e19940000MX |||||||||||||||||spa|d | ||
| 082 | 0 | 4 | |a 551.6 |b GAR |2 21 |
| 100 | 0 | |a Garduño, René |e author |9 330377 | |
| 245 | 1 | 3 | |a El veleidoso clima |
| 300 | |a 169 p | ||
| 942 | |c BK | ||
| 945 | |d 19941020 00:00:00 |a mfernand | ||
| 260 | |a Ciudad de México |b Fondo de Cultura Económica |c 1994 | ||
| 650 | 0 | |a Climatología |9 262302 | |
| 583 | |a last modification |c 19941020 00:00:00 |k Rodrigo Vera | ||
| 490 | 0 | |a La ciencia desde México, 127 | |
| 999 | |c 230762 |d 230760 | ||
| 952 | |0 0 |1 0 |4 0 |6 551_600000000000000_GAR_1994 |7 0 |8 A |9 233283 |a BIBING |b BIBING |d 2019-11-15 |i 3029514 |o 551.6 GAR 1994 |p 3029514 |r 2025-01-20 |w 2019-11-15 |y BK |k GEO | ||